000 02164nam0a2200325 4500
001 RU\NLR\bibl\1221105
005 20250615111350.0
010 _a5-7417-0195-7
_9250
021 _aRU
_b2008-16742
_9913
035 _a(NLR Aleph) 001207457
090 _a56706
_c56706
100 _a20080428d2007 |||y0rusy50 ca
101 0 _arus
102 _aRU
105 _aa |||||||||
200 1 _aПрименение вейвлет-преобразования для анализа сигналов
_eучебное пособие
_fЕ.В. Бурнаев
_gМ-во образования и науки Рос. Федерации, Федер. агентство по образованию, Гос. образоват. учреждение высш. проф. образования Моск. физ.-техн. ин-т (гос. ун-т)
210 _aМосква
_cГосударственное образовательное учреждение высшего профессионального образования Московский физико-технический институт (государственный университет)
_d2007
215 _a111 с.
_cил.
_d20
225 1 _aИнновационная образовательная программа "Наукоемкие технологии и экономика инноваций" Московского физико-технического института (государственного университета) на 2006-2007 годы
320 _aБиблиогр.: с. 109-111 (29 назв.)
606 1 _aЭлектрические сигналы
_jУчебные издания для высших учебных заведений
_xОбработка
_xВейвлет-преобразования
_92453809
_3RU\NLR\auth\661458733
686 _aЗ811.3я73-1
700 1 _4070
_aБурнаев
_bЕ. В.
_f1983-
_gЕвгений Владимирович
_9141865
_3RU\NLR\AUTH\770141901
801 0 _aRU
_bNLR
_c20080428
_gRCR
801 1 _aRU
_bNLR
_c20080428
830 _aАвт. по кн.
942 _cBOOK
980 _aNB